| 000 | 00678nam a22002417a 4500 | ||
|---|---|---|---|
| 001 | 0074 | ||
| 003 | DO-SdBNP | ||
| 005 | 20180316085744.0 | ||
| 007 | 0074 | ||
| 008 | 151012b 1986 xxu 00| 0 spa d | ||
| 020 | _a0307602745 | ||
| 040 |
_aBPMSU _bspa _cBPMSU |
||
| 100 | 1 | _a Carol North, | |
| 245 | 1 | 0 |
_aFlying is fun! / _cby Carol North ; illustrated by Terri Super. |
| 260 |
_aNew York : _bGolden Book, _bWestern Pub. Co, _c1986. |
||
| 300 |
_a[24] p. : _bil. ; _c21 cm. |
||
| 490 | 1 | _aLittle golden book | |
| 700 |
_aSuper, Terri, _eil. |
||
| 830 | 0 | _aLittle golden book | |
| 942 |
_2ddc _cBK |
||
| 945 | _aInventariado, 2018 /LP | ||
| 956 |
_aLOPEREZ _b10 _c20151012 _hBPMSU |
||
| 999 |
_c8360 _d8360 |
||